000
00304nam a22001337a 4500
008
170315b xxu||||| |||| 00| 0 eng d
020
_a
9780072528312
041
_a
eng
080
_2
4TH
_a
591
100
_a
7
101
_a
SHM
245
_a
COMPARATIVE VERTEBRATE ANATOMY
_c
KARDONG, K.V
942
_2
udc
_c
BK
999
_c
7802
_d
7802